ბათუმის შოთა რუსთაველის სახელმწიფო უნივერსიტეტის ბიბლიოთეკა

Центробежные компрессорные машины. (ბიბ.ჩანაწერი № 38197)

000 -LEADER
fixed length control field 00767nam a2200229Ia 4500
001 - CONTROL NUMBER
control field 4187
003 - CONTROL NUMBER IDENTIFIER
control field GE_BSU
008 - FIXED-LENGTH DATA ELEMENTS--GENERAL INFORMATION
fixed length control field 181216s||||||||xx |||||||||||||| ||und||
040 ## - CATALOGING SOURCE
Transcribing agency GE_BSU
080 ## - UNIVERSAL DECIMAL CLASSIFICATION NUMBER
Universal Decimal Classification number 621.5(075.8)
100 ## - MAIN ENTRY--PERSONAL NAME
Personal name Чистяков,Ф.М. Игнатенко,В.В. Романенко,Н.Т. Фролов,Е.С.
245 ## - TITLE STATEMENT
Title Центробежные компрессорные машины.
245 ## - TITLE STATEMENT
Remainder of title Учебник.
245 ## - TITLE STATEMENT
Statement of responsibility, etc. Под. ред. Ф.М.Чистякова.
260 ## - PUBLICATION, DISTRIBUTION, ETC.
Place of publication, distribution, etc. М.
260 ## - PUBLICATION, DISTRIBUTION, ETC.
Name of publisher, distributor, etc. Машиностроение.
260 ## - PUBLICATION, DISTRIBUTION, ETC.
Date of publication, distribution, etc. 1969.
300 ## - PHYSICAL DESCRIPTION
Extent 328 стр. с илл. 22 см.
300 ## - PHYSICAL DESCRIPTION
Accompanying material Библиогр.: стр. 324.
653 ## - INDEX TERM--UNCONTROLLED
Uncontrolled term Центробежные компрессорные машины.
942 ## - ADDED ENTRY ELEMENTS (KOHA)
Koha item type წიგნი
ეგზემპლარები
Withdrawn status Lost status Damaged status Not for loan Date acquired Barcode Date last seen Price effective from Koha item type Public note
        2018-12-17 9360 2018-12-17 2018-12-17 წიგნი საცავი
        2018-12-17 11040 2018-12-17 2018-12-17 წიგნი